000 00632nam a2200241Ia 4500
003 OSt
005 20230412114114.0
008 210423s2011 xx 000 0 und d
020 _a9789380156729
040 _cAL
041 _aeng
082 _a334 HAJT
100 _aHAJELA (T N)
_986881
245 _aCooperation: principles problems and practice
250 _a7
260 _aNew Delhi
_bAne Books
_c2011
300 _axxi,774
_bPB
365 _b295
_cINR
650 _aEconomics
_986882
650 _aNatural Resources & Energy
_986883
906 _aCooperation: ; practice ; principles ; problems
942 _2ddc
_cBK
999 _c159601
_d159601